|
|
|
|
| LEADER |
01163nam a2200265 a 4500 |
| 001 |
690533 |
| 008 |
091229s1997 nyua b 001 0 eng d |
| 010 |
|
|
|a 96024098
|
| 020 |
|
|
|a 0070633207
|
| 040 |
|
|
|a DLC
|c DLC
|d DLC
|d BD-DhAAL
|
| 082 |
0 |
0 |
|a 323.44/8
|2 20
|
| 100 |
1 |
|
|a Cavoukian, Ann.
|
| 245 |
1 |
0 |
|a Who knows :
|b safeguarding your privacy in a networked world /
|c Ann Cavoukian, Don Tapscott.
|
| 260 |
|
|
|a New York :
|b McGraw-Hill,
|c c1997.
|
| 300 |
|
|
|a xii, 233 p. :
|b ill. ;
|c 24 cm.
|
| 504 |
|
|
|a Includes bibliographical references (p. 207-221) and index.
|
| 541 |
1 |
|
|e 00007814
|
| 650 |
|
0 |
|a Privacy, Right of.
|
| 650 |
|
0 |
|a Information society.
|
| 650 |
|
0 |
|a Information technology.
|
| 700 |
1 |
|
|a Tapscott, Don,
|d 1947-
|
| 852 |
4 |
|
|a Ayesha Abed Library
|j General Shelf.
|
| 999 |
|
|
|c 6482
|d 6482
|
| 952 |
|
|
|0 0
|1 0
|2 ddc
|4 0
|6 323_448000000000000_CAV_1997
|7 0
|9 6579
|a BRACUL
|b BRACUL
|c GEN
|d 2009-12-29
|g 0.00
|l 1
|m 1
|o 323.448 CAV
|p 3010007814
|r 2022-08-10
|s 2022-07-31
|t 1
|w 2009-12-29
|y BK
|x No price found in the accession register.
|
| 952 |
|
|
|0 0
|1 0
|2 ddc
|4 0
|6 323_448000000000000_CAV
|7 0
|9 42911
|a SCL
|b SCL
|c GEN
|d 2000-12-09
|l 0
|o 323.448 CAV
|p 3020002949
|r 2014-07-06
|t 2
|w 2014-07-06
|y BK
|